[Event "I Open Internacional Ateneo Maritimo"]
[Site "Valencia C/La reina, 68"]
[Date "2017.05.20"]
[Round "1.1"]
[White "Plaskett, H James"]
[Black "Hernandez Lopez, Alberto"]
[Result "1-0"]
[WhiteElo "2455"]
[BlackElo "1992"]
[PlyCount "115"]
[EventDate "2017.??.??"]

1. c4 {[%clk 0:07:04]} 1... Nf6 {[%clk 0:07:06]} 2. Nc3 {[%clk 0:07:05]} 2...
g6 {[%clk 0:07:08]} 3. g3 {[%clk 0:06:59]} 3... Bg7 {[%clk 0:07:11]} 4. Bg2 {
[%clk 0:07:00]} 4... O-O {[%clk 0:07:11]} 5. d3 {[%clk 0:06:59]} 5... d6 {
[%clk 0:07:11]} 6. Rb1 {[%clk 0:06:57]} 6... e5 {[%clk 0:07:09]} 7. Nf3 {
[%clk 0:06:59]} 7... Nc6 {[%clk 0:07:10]} 8. Nd2 {[%clk 0:06:53]} 8... Be6 {
[%clk 0:07:00]} 9. Nd5 {[%clk 0:06:49]} 9... Bxd5 {[%clk 0:06:14]} 10. cxd5 {
[%clk 0:06:50]} 10... Ne7 {[%clk 0:06:12]} 11. Qb3 {[%clk 0:06:46]} 11... Rb8 {
[%clk 0:06:02]} 12. O-O {[%clk 0:06:42]} 12... c5 {[%clk 0:06:03]} 13. a4 {
[%clk 0:06:36]} 13... a6 {[%clk 0:05:58]} 14. Qa2 {[%clk 0:06:16]} 14... b5 {
[%clk 0:05:56]} 15. b4 {[%clk 0:06:11]} 15... Nd7 {[%clk 0:05:09]} 16. axb5 {
[%clk 0:06:04]} 16... axb5 {[%clk 0:05:09]} 17. Ne4 {[%clk 0:06:05]} 17... Qb6
{[%clk 0:04:52]} 18. Bg5 {[%clk 0:05:44]} 18... f6 {[%clk 0:04:42]} 19. bxc5 {
[%clk 0:05:45]} 19... Nxc5 {[%clk 0:04:36]} 20. Nxc5 {[%clk 0:05:43]} 20...
Qxc5 {[%clk 0:04:16]} 21. Rfc1 {[%clk 0:05:44]} 21... Qb6 {[%clk 0:04:06]} 22.
Be3 {[%clk 0:05:44]} 22... Qb7 {[%clk 0:04:04]} 23. Rc6 {[%clk 0:05:40]} 23...
Nf5 {[%clk 0:03:55]} 24. Bd2 {[%clk 0:05:27]} 24... Rfd8 {[%clk 0:03:41]} 25.
e3 {[%clk 0:05:14]} 25... Ne7 {[%clk 0:03:28]} 26. Ba5 {[%clk 0:04:59]} 26...
Ra8 {[%clk 0:03:10]} 27. Rc7 {[%clk 0:04:19]} 27... Qxc7 {[%clk 0:02:35]} 28.
Bxc7 {[%clk 0:04:20]} 28... Rxa2 {[%clk 0:02:37]} 29. Bxd8 {[%clk 0:04:21]}
29... Bf8 {[%clk 0:02:36]} 30. Bh3 {[%clk 0:04:12]} 30... f5 {[%clk 0:02:31]}
31. Rxb5 {[%clk 0:04:13]} 31... Rd2 {[%clk 0:02:24]} 32. Bf1 {[%clk 0:03:43]}
32... Kf7 {[%clk 0:02:15]} 33. Bc7 {[%clk 0:03:44]} 33... Ng8 {[%clk 0:02:11]}
34. Rb7 {[%clk 0:03:39]} 34... Kf6 {[%clk 0:01:54]} 35. Bd8+ {[%clk 0:03:40]}
35... Be7 {[%clk 0:01:53]} 36. Rd7 {[%clk 0:03:38]} 36... Bxd8 {[%clk 0:01:26]}
37. Rxd8 {[%clk 0:03:38]} 37... Ne7 {[%clk 0:01:24]} 38. Rxd6+ {[%clk 0:03:39]}
38... Kf7 {[%clk 0:01:27]} 39. h4 {[%clk 0:03:29]} 39... Rd1 {[%clk 0:01:21]}
40. Kg2 {[%clk 0:03:24]} 40... h5 {[%clk 0:01:24]} 41. Re6 {[%clk 0:03:18]}
41... Nxd5 {[%clk 0:01:18]} 42. Rxe5 {[%clk 0:03:20]} 42... Nf6 {[%clk 0:01:13]
} 43. Be2 {[%clk 0:03:22]} 43... Rd2 {[%clk 0:01:15]} 44. Kf1 {[%clk 0:03:24]}
44... Rb2 {[%clk 0:01:04]} 45. e4 {[%clk 0:03:22]} 45... fxe4 {[%clk 0:00:57]}
46. dxe4 {[%clk 0:03:23]} 46... Rb1+ {[%clk 0:00:55]} 47. Kg2 {[%clk 0:03:24]}
47... Rb2 {[%clk 0:00:57]} 48. Bf3 {[%clk 0:03:26]} 48... Nd7 {[%clk 0:00:51]}
49. Rd5 {[%clk 0:03:13]} 49... Nf6 {[%clk 0:00:53]} 50. Rd4 {[%clk 0:03:12]}
50... Ke6 {[%clk 0:00:51]} 51. Ra4 {[%clk 0:03:09]} 51... Ke5 {[%clk 0:00:42]}
52. Ra5+ {[%clk 0:03:10]} 52... Ke6 {[%clk 0:00:45]} 53. e5 {[%clk 0:02:56]}
53... Nd7 {[%clk 0:00:36]} 54. Ra6+ {[%clk 0:02:49]} 54... Kf5 {[%clk 0:00:37]}
55. e6 {[%clk 0:02:17]} 55... Nf6 {[%clk 0:00:23]} 56. e7 {[%clk 0:02:12]}
56... Rb8 {[%clk 0:00:23]} 57. Bc6 {[%clk 0:02:02]} 57... Ne8 {[%clk 0:00:21]}
58. Bd7+ {[%clk 0:01:57]  Ra8} 1-0

[Event "I Open Internacional Ateneo Maritimo"]
[Site "Valencia C/La reina, 68"]
[Date "2017.05.20"]
[Round "1.2"]
[White "Campos Aucejo, Vicente"]
[Black "Cruz Lledo, Pablo"]
[Result "0-1"]
[WhiteElo "1985"]
[BlackElo "2435"]
[PlyCount "114"]
[EventDate "2017.??.??"]

1. d4 {[%clk 0:07:03]} 1... d5 {[%clk 0:07:04]} 2. Nf3 {[%clk 0:07:04]} 2...
Nf6 {[%clk 0:07:05]} 3. Bf4 {[%clk 0:07:05]} 3... c5 {[%clk 0:07:06]} 4. e3 {
[%clk 0:07:05]} 4... Nc6 {[%clk 0:07:07]} 5. c3 {[%clk 0:07:04]} 5... Qb6 {
[%clk 0:07:03]} 6. Qc2 {[%clk 0:06:34]} 6... Bf5 {[%clk 0:06:57]} 7. Qb3 {
[%clk 0:06:17]} 7... c4 {[%clk 0:06:48]} 8. Qxb6 {[%clk 0:06:02]} 8... axb6 {
[%clk 0:06:50]} 9. Nbd2 {[%clk 0:05:55]} 9... b5 {[%clk 0:06:50]} 10. h3 {
[%clk 0:05:40]} 10... b4 {[%clk 0:06:48]} 11. g4 {[%clk 0:05:36]} 11... Bg6 {
[%clk 0:06:33]} 12. Ne5 {[%clk 0:05:07]} 12... e6 {[%clk 0:05:37]} 13. Bg2 {
[%clk 0:05:00]} 13... Nxe5 {[%clk 0:05:31]} 14. Bxe5 {[%clk 0:04:55]} 14... Be7
{[%clk 0:04:55]} 15. O-O {[%clk 0:04:51]} 15... O-O {[%clk 0:04:55]} 16. f4 {
[%clk 0:04:23]} 16... Bd3 {[%clk 0:04:54]} 17. Rfe1 {[%clk 0:04:15]} 17... Nd7
{[%clk 0:04:46]} 18. f5 {[%clk 0:03:54]} 18... Nxe5 {[%clk 0:04:29]} 19. dxe5 {
[%clk 0:03:55]} 19... Bh4 {[%clk 0:04:26]} 20. Rec1 {[%clk 0:03:46]} 20... Bg3
{[%clk 0:04:24]} 21. Nf3 {[%clk 0:03:32]} 21... bxc3 {[%clk 0:04:12]} 22. bxc3
{[%clk 0:03:12]} 22... exf5 {[%clk 0:04:04]} 23. gxf5 {[%clk 0:02:48]} 23...
Bxf5 {[%clk 0:04:02]} 24. Nd4 {[%clk 0:02:44]} 24... Be6 {[%clk 0:03:52]} 25.
Rcb1 {[%clk 0:02:41]} 25... Rfb8 {[%clk 0:03:35]} 26. Rb6 {[%clk 0:02:39]}
26... Bxe5 {[%clk 0:03:35]} 27. Nxe6 {[%clk 0:02:16]} 27... fxe6 {
[%clk 0:03:35]} 28. Rxe6 {[%clk 0:02:17]} 28... Bxc3 {[%clk 0:03:33]} 29. Rc1 {
[%clk 0:02:15]} 29... Bd2 {[%clk 0:02:50]} 30. Bxd5 {[%clk 0:02:16]} 30... Kh8
{[%clk 0:02:34]} 31. Rxc4 {[%clk 0:02:16]} 31... Rxa2 {[%clk 0:01:58]} 32. Rc7
{[%clk 0:02:16]} 32... Ra1+ {[%clk 0:01:55]} 33. Kg2 {[%clk 0:02:14]} 33... b5
{[%clk 0:01:12]} 34. Rb7 {[%clk 0:02:05]} 34... Rf8 {[%clk 0:01:11]} 35. Rxb5 {
[%clk 0:01:54]} 35... Be1 {[%clk 0:01:13]} 36. Rb2 {[%clk 0:01:30]} 36... Bh4 {
[%clk 0:01:10]} 37. Re4 {[%clk 0:01:26]} 37... g5 {[%clk 0:01:03]} 38. Reb4 {
[%clk 0:01:03]} 38... Kg7 {[%clk 0:00:42]} 39. Rb7+ {[%clk 0:01:03]} 39... Kf6
{[%clk 0:00:44]} 40. R2b6+ {[%clk 0:01:00]} 40... Ke5 {[%clk 0:00:46]} 41. Bf3
{[%clk 0:00:53]} 41... Ra2+ {[%clk 0:00:31]} 42. Rb2 {[%clk 0:00:52]} 42...
Rxb2+ 43. Rxb2 {[%clk 0:00:54]} 43... Rd8 {[%clk 0:00:20]} 44. Rb5+ {
[%clk 0:00:55]} 44... Kf6 {[%clk 0:00:22]} 45. Rb6+ {[%clk 0:00:57]} 45... Ke7
{[%clk 0:00:18]} 46. Rb7+ {[%clk 0:00:58]} 46... Kf6 {[%clk 0:00:19]} 47. Rb6+
{[%clk 0:00:57]} 47... Ke7 {[%clk 0:00:17]} 48. Rb7+ {[%clk 0:00:59]} 48... Kd6
{[%clk 0:00:19]} 49. Rxh7 {[%clk 0:00:57]} 49... Ke5 {[%clk 0:00:19]} 50. Ra7 {
[%clk 0:00:44]} 50... Rd2+ {[%clk 0:00:21]} 51. Kg1 {[%clk 0:00:46]} 51... Bf2+
{[%clk 0:00:22]} 52. Kf1 {[%clk 0:00:48]} 52... Bxe3 {[%clk 0:00:23]} 53. Re7+
{[%clk 0:00:48]} 53... Kf4 {[%clk 0:00:25]} 54. Rf7+ {[%clk 0:00:50]} 54... Kg3
{[%clk 0:00:26]} 55. Be2 {[%clk 0:00:50]} 55... Bf4 {[%clk 0:00:24]} 56. Bg4 {
[%clk 0:00:36]} 56... Rf2+ {[%clk 0:00:23]} 57. Ke1 {[%clk 0:00:37]} 57... Bd2+
{[%clk 0:00:22]} 0-1

[Event "I Open Internacional Ateneo Maritimo"]
[Site "Valencia C/La reina, 68"]
[Date "2017.05.20"]
[Round "1.3"]
[White "Granero Roca, Antonio"]
[Black "Martin Ayala, David"]
[Result "1/2-1/2"]
[WhiteElo "2396"]
[BlackElo "1985"]
[PlyCount "123"]
[EventDate "2017.??.??"]

1. Nf3 {[%clk 0:07:03]} 1... Nf6 {[%clk 0:07:04]} 2. c4 {[%clk 0:07:04]} 2...
g6 {[%clk 0:07:04]} 3. Nc3 {[%clk 0:07:05]} 3... Bg7 {[%clk 0:07:06]} 4. g3 {
[%clk 0:07:05]} 4... O-O {[%clk 0:07:08]} 5. Bg2 {[%clk 0:07:05]} 5... d6 {
[%clk 0:07:10]} 6. O-O {[%clk 0:07:04]} 6... Nbd7 {[%clk 0:07:05]} 7. d3 {
[%clk 0:07:03]} 7... c6 {[%clk 0:07:04]} 8. Rb1 {[%clk 0:07:01]} 8... Re8 {
[%clk 0:06:59]} 9. b4 {[%clk 0:07:02]} 9... Ng4 {[%clk 0:06:20]} 10. Bb2 {
[%clk 0:06:46]} 10... Rb8 {[%clk 0:06:11]} 11. Qc2 {[%clk 0:06:37]} 11... b5 {
[%clk 0:05:53]} 12. a3 {[%clk 0:06:04]} 12... bxc4 {[%clk 0:05:50]} 13. dxc4 {
[%clk 0:06:05]} 13... Nde5 {[%clk 0:05:43]} 14. h3 {[%clk 0:05:38]} 14... Nxf3+
{[%clk 0:05:43]} 15. exf3 {[%clk 0:05:36]} 15... Ne5 {[%clk 0:05:41]} 16. Qe2 {
[%clk 0:05:26]} 16... Bf5 {[%clk 0:05:20]} 17. Rbd1 {[%clk 0:05:21]} 17... Be6
{[%clk 0:04:31]} 18. c5 {[%clk 0:04:11]} 18... Bc4 {[%clk 0:04:29]} 19. Qe4 {
[%clk 0:04:12]} 19... d5 {[%clk 0:04:23]} 20. Qf4 {[%clk 0:03:55]} 20... Bxf1 {
[%clk 0:04:23]} 21. Kxf1 {[%clk 0:03:06]} 21... Nd7 {[%clk 0:04:24]} 22. Qd2 {
[%clk 0:02:54]} 22... e6 {[%clk 0:04:17]} 23. f4 {[%clk 0:02:53]} 23... Qc8 {
[%clk 0:04:02]} 24. Kg1 {[%clk 0:02:51]} 24... Qb7 {[%clk 0:04:00]} 25. h4 {
[%clk 0:02:47]} 25... Nxc5 {[%clk 0:03:56]} 26. h5 {[%clk 0:02:45]} 26... Nd7 {
[%clk 0:03:29]} 27. Bf3 {[%clk 0:02:36]} 27... a5 {[%clk 0:03:15]} 28. hxg6 {
[%clk 0:02:26]} 28... hxg6 {[%clk 0:03:17]} 29. f5 {[%clk 0:02:21]} 29... Nf8 {
[%clk 0:03:11]} 30. fxg6 {[%clk 0:02:09]} 30... Nxg6 {[%clk 0:03:13]} 31. b5 {
[%clk 0:01:50]} 31... cxb5 {[%clk 0:03:00]} 32. Ne2 {[%clk 0:01:44]} 32... Qe7
{[%clk 0:02:40]} 33. Nd4 {[%clk 0:01:36]} 33... Ne5 {[%clk 0:02:35]} 34. Be2 {
[%clk 0:01:32]} 34... Nc4 {[%clk 0:02:35]} 35. Bxc4 {[%clk 0:01:26]} 35... bxc4
{[%clk 0:02:37]} 36. Nc6 {[%clk 0:01:26]} 36... Qf8 {[%clk 0:02:09]} 37. Nxb8 {
[%clk 0:01:26]} 37... Rxb8 {[%clk 0:02:04]} 38. Bxg7 {[%clk 0:01:25]} 38...
Qxg7 {[%clk 0:02:06]} 39. Qxa5 {[%clk 0:01:21]} 39... Qg4 {[%clk 0:01:59]} 40.
Rf1 {[%clk 0:01:14]} 40... Kg7 {[%clk 0:01:42]} 41. Qc7 {[%clk 0:01:14]} 41...
Rh8 {[%clk 0:01:34]} 42. Qe5+ {[%clk 0:01:16]} 42... f6 {[%clk 0:01:31]} 43.
Qc7+ {[%clk 0:00:20]} 43... Kg6 {[%clk 0:01:33]} 44. f3 {[%clk 0:00:16]} 44...
Qd4+ {[%clk 0:01:33]} 45. Kg2 {[%clk 0:00:16]} 45... Qd2+ {[%clk 0:01:33]} 46.
Rf2 {[%clk 0:00:17]} 46... Rh2+ {[%clk 0:01:35]} 47. Kxh2 Qxf2+ 48. Kh3 {
[%clk 0:00:17]} 48... Qf1+ {[%clk 0:01:38]} 49. Kh2 {[%clk 0:00:12]} 49... Qxf3
{[%clk 0:01:39]} 50. Qd8 {[%clk 0:00:09]} 50... Qf2+ {[%clk 0:01:30]} 51. Kh3 {
[%clk 0:00:11]} 51... Qf5+ {[%clk 0:01:32]} 52. Kg2 {[%clk 0:00:12]} 52... Qe4+
{[%clk 0:01:21]} 53. Kh2 {[%clk 0:00:14]} 53... Qe2+ {[%clk 0:01:23]} 54. Kh3 {
[%clk 0:00:15]} 54... Qh5+ {[%clk 0:01:23]} 55. Kg2 {[%clk 0:00:17]} 55... c3 {
[%clk 0:01:12]} 56. Qe8+ {[%clk 0:00:18]} 56... Kg5 {[%clk 0:01:12]} 57. Qxe6 {
[%clk 0:00:12]} 57... Qd1 {[%clk 0:01:11]} 58. Qg8+ {[%clk 0:00:10]} 58... Kf5
{[%clk 0:01:11]} 59. Qh7+ {[%clk 0:00:11]} 59... Ke5 {[%clk 0:01:10]} 60. Qe7+
{[%clk 0:00:12]} 60... Kf5 {[%clk 0:01:12]} 61. Qh7+ {[%clk 0:00:13]} 61... Ke5
{[%clk 0:01:12]} 62. Qe7+ 1/2-1/2

[Event "I Open Internacional Ateneo Maritimo"]
[Site "Valencia C/La reina, 68"]
[Date "2017.05.20"]
[Round "1.4"]
[White "Capdevila Brown, Raudys Rafael"]
[Black "Valmana Canto, Jaime"]
[Result "0-1"]
[WhiteElo "1970"]
[BlackElo "2356"]
[PlyCount "30"]
[EventDate "2017.??.??"]

1. e4 {[%clk 0:07:02]} 1... c5 {[%clk 0:07:03]} 2. Nf3 {[%clk 0:07:01]} 2...
Nc6 {[%clk 0:06:58]} 3. Bb5 {[%clk 0:07:01]} 3... e6 {[%clk 0:06:59]} 4. Bxc6 {
[%clk 0:07:03]} 4... bxc6 {[%clk 0:07:00]} 5. d3 {[%clk 0:07:05]} 5... Ne7 {
[%clk 0:07:00]} 6. O-O {[%clk 0:07:05]} 6... Ng6 {[%clk 0:07:01]} 7. Nc3 {
[%clk 0:07:02]} 7... e5 {[%clk 0:07:01]} 8. Be3 {[%clk 0:06:47]} 8... Be7 {
[%clk 0:06:50]} 9. Qd2 {[%clk 0:06:41]} 9... O-O {[%clk 0:06:48]} 10. Na4 {
[%clk 0:06:08]} 10... d6 {[%clk 0:06:48]} 11. h3 {[%clk 0:06:09]} 11... f5 {
[%clk 0:06:48]} 12. Bg5 {[%clk 0:05:55]} 12... fxe4 {[%clk 0:06:33]} 13. Bxe7 {
[%clk 0:05:49]} 13... Qxe7 {[%clk 0:06:32]} 14. dxe4 {[%clk 0:05:11]} 14...
Rxf3 {[%clk 0:06:29]} 15. gxf3 {[%clk 0:05:11]} 15... Nf4 {[%clk 0:06:27]} 0-1

[Event "I Open Internacional Ateneo Maritimo"]
[Site "Valencia C/La reina, 68"]
[Date "2017.05.20"]
[Round "1.5"]
[White "Sos Andreu, Eric"]
[Black "Gimenez Sanchis, Fco. Andres"]
[Result "1/2-1/2"]
[WhiteElo "2353"]
[BlackElo "1970"]
[PlyCount "104"]
[EventDate "2017.??.??"]

1. d4 {[%clk 0:07:03]} 1... d5 {[%clk 0:07:02]} 2. c4 {[%clk 0:07:04]} 2... e6
{[%clk 0:07:03]} 3. Nf3 {[%clk 0:07:04]} 3... Nf6 {[%clk 0:07:04]} 4. g3 {
[%clk 0:07:04]} 4... Bb4+ {[%clk 0:07:03]} 5. Bd2 {[%clk 0:07:05]} 5... Bxd2+ {
[%clk 0:06:58]} 6. Nbxd2 {[%clk 0:06:57]} 6... O-O {[%clk 0:06:58]} 7. Bg2 {
[%clk 0:06:58]} 7... Nbd7 {[%clk 0:06:50]} 8. O-O {[%clk 0:06:56]} 8... c5 {
[%clk 0:06:49]} 9. cxd5 {[%clk 0:06:50]} 9... Nxd5 {[%clk 0:06:48]} 10. Nc4 {
[%clk 0:06:39]} 10... N7b6 {[%clk 0:06:32]} 11. Nce5 {[%clk 0:06:27]} 11...
cxd4 {[%clk 0:06:22]} 12. Qxd4 {[%clk 0:06:17]} 12... Bd7 {[%clk 0:05:53]} 13.
Rfd1 {[%clk 0:06:10]} 13... Bb5 {[%clk 0:04:13]} 14. e4 {[%clk 0:05:16]} 14...
Nf6 {[%clk 0:04:14]} 15. Qb4 {[%clk 0:05:08]} 15... Qe8 {[%clk 0:04:14]} 16.
Rd4 {[%clk 0:04:54]} 16... Rc8 {[%clk 0:03:20]} 17. b3 {[%clk 0:04:20]} 17...
Rc2 {[%clk 0:03:09]} 18. a4 {[%clk 0:03:54]} 18... Bc6 {[%clk 0:03:05]} 19. a5
{[%clk 0:03:38]} 19... Nbd7 {[%clk 0:03:05]} 20. Nxc6 {[%clk 0:02:45]} 20...
Rxc6 {[%clk 0:03:02]} 21. Rad1 {[%clk 0:02:14]} 21... Qc8 {[%clk 0:02:58]} 22.
Ng5 {[%clk 0:01:54]} 22... Rc1 {[%clk 0:02:41]} 23. h3 {[%clk 0:01:16]} 23...
Ne5 {[%clk 0:02:36]} 24. Kh2 {[%clk 0:00:53]} 24... h6 {[%clk 0:02:37]} 25. Nf3
{[%clk 0:00:31]} 25... Nxf3+ {[%clk 0:02:39]} 26. Bxf3 {[%clk 0:00:33]} 26...
Qc2 {[%clk 0:02:41]} 27. Rxc1 {[%clk 0:00:24]} 27... Qxc1 {[%clk 0:02:35]} 28.
e5 {[%clk 0:00:22]} 28... Nh7 {[%clk 0:02:27]} 29. Qd2 {[%clk 0:00:19]} 29...
Qc7 {[%clk 0:02:24]} 30. Rd7 {[%clk 0:00:18]} 30... Qxe5 {[%clk 0:02:25]} 31.
Rxb7 {[%clk 0:00:18]} 31... Ng5 {[%clk 0:02:27]} 32. Bg2 {[%clk 0:00:19]} 32...
Qf6 {[%clk 0:01:12]} 33. f4 {[%clk 0:00:20]} 33... Nh7 {[%clk 0:01:09]} 34.
Rxa7 {[%clk 0:00:22]} 34... e5 {[%clk 0:01:08]} 35. fxe5 {[%clk 0:00:23]} 35...
Qxe5 {[%clk 0:01:10]} 36. Rd7 {[%clk 0:00:19]} 36... h5 {[%clk 0:00:59]} 37. h4
{[%clk 0:00:19]} 37... g5 {[%clk 0:00:59]} 38. hxg5 {[%clk 0:00:18]} 38... Nxg5
{[%clk 0:01:01]} 39. Rd8 {[%clk 0:00:17]} 39... Rxd8 {[%clk 0:00:50]} 40. Qxd8+
{[%clk 0:00:18]} 40... Kg7 {[%clk 0:00:53]} 41. Qd5 {[%clk 0:00:13]} 41... Qf6
{[%clk 0:00:45]} 42. a6 {[%clk 0:00:13]} 42... h4 {[%clk 0:00:47]} 43. gxh4 {
[%clk 0:00:15]} 43... Qf4+ {[%clk 0:00:49]} 44. Kh1 {[%clk 0:00:09]} 44...
Qxh4+ {[%clk 0:00:50]} 45. Kg1 {[%clk 0:00:09]} 45... Qe1+ {[%clk 0:00:52]} 46.
Kh2 {[%clk 0:00:08]} 46... Qh4+ {[%clk 0:00:53]} 47. Kg1 {[%clk 0:00:10]} 47...
Qe1+ {[%clk 0:00:55]} 48. Bf1 {[%clk 0:00:11]} 48... Qg3+ {[%clk 0:00:53]} 49.
Qg2 {[%clk 0:00:10]} 49... Nh3+ {[%clk 0:00:53]} 50. Kh1 {[%clk 0:00:12]} 50...
Nf2+ {[%clk 0:00:54]} 51. Kg1 {[%clk 0:00:07]} 51... Nh3+ {[%clk 0:00:56]} 52.
Kh1 {[%clk 0:00:06]} 52... Nf2+ {[%clk 0:00:57]} 1/2-1/2

[Event "I Open Internacional Ateneo Maritimo"]
[Site "Valencia C/La reina, 68"]
[Date "2017.05.20"]
[Round "1.6"]
[White "Schwarz, Dieter"]
[Black "Diaz Velandia, Jose Manuel"]
[Result "0-1"]
[WhiteElo "1960"]
[BlackElo "2345"]
[PlyCount "192"]
[EventDate "2017.??.??"]

1. b3 {[%clk 0:07:04]} 1... d5 {[%clk 0:06:58]} 2. Bb2 {[%clk 0:07:06]} 2...
Nf6 {[%clk 0:07:00]} 3. e3 {[%clk 0:07:07]} 3... e6 {[%clk 0:07:01]} 4. f4 {
[%clk 0:07:06]} 4... c5 {[%clk 0:06:58]} 5. Nf3 {[%clk 0:07:05]} 5... Nc6 {
[%clk 0:07:00]} 6. Bb5 {[%clk 0:07:02]} 6... Bd7 {[%clk 0:07:01]} 7. O-O {
[%clk 0:07:02]} 7... Be7 {[%clk 0:07:01]} 8. Bxc6 {[%clk 0:07:02]} 8... Bxc6 {
[%clk 0:07:02]} 9. Ne5 {[%clk 0:07:04]} 9... Qc7 {[%clk 0:06:57]} 10. Qe2 {
[%clk 0:07:02]} 10... Bd6 {[%clk 0:06:54]} 11. d3 {[%clk 0:06:58]} 11... Qe7 {
[%clk 0:06:28]} 12. Nd2 {[%clk 0:06:43]} 12... Nd7 {[%clk 0:06:19]} 13. Nxc6 {
[%clk 0:06:40]} 13... bxc6 {[%clk 0:06:21]} 14. Bxg7 {[%clk 0:06:27]} 14... Rg8
{[%clk 0:06:23]} 15. Bb2 {[%clk 0:06:28]} 15... O-O-O {[%clk 0:06:09]} 16. Nf3
{[%clk 0:06:13]} 16... Rg6 {[%clk 0:05:47]} 17. Ne5 {[%clk 0:06:01]} 17... Bxe5
{[%clk 0:05:43]} 18. fxe5 {[%clk 0:05:41]} 18... Rdg8 {[%clk 0:05:36]} 19. Rf2
{[%clk 0:05:43]} 19... Qg5 {[%clk 0:05:32]} 20. d4 {[%clk 0:05:10]} 20... Kb7 {
[%clk 0:05:28]} 21. Raf1 {[%clk 0:05:06]} 21... f5 {[%clk 0:05:11]} 22. exf6 {
[%clk 0:04:50]} 22... Nxf6 {[%clk 0:05:13]} 23. g3 {[%clk 0:04:16]} 23... h5 {
[%clk 0:04:19]} 24. dxc5 {[%clk 0:04:13]} 24... e5 {[%clk 0:04:22]} 25. Rf5 {
[%clk 0:04:04]} 25... Qh4 {[%clk 0:04:15]} 26. Bxe5 {[%clk 0:03:51]} 26... Nd7
{[%clk 0:04:04]} 27. Rf7 {[%clk 0:03:41]} 27... Qd8 {[%clk 0:03:05]} 28. Qd2 {
[%clk 0:03:16]} 28... Ka8 {[%clk 0:03:07]} 29. Bd6 {[%clk 0:02:39]} 29... h4
30. R1f3 {[%clk 0:02:29]} 30... hxg3 {[%clk 0:03:00]} 31. hxg3 {[%clk 0:02:31]}
31... Rh6 {[%clk 0:02:44]} 32. Qd3 {[%clk 0:02:17]} 32... Qh4 {[%clk 0:01:41]}
33. Kf2 {[%clk 0:02:09]} 33... Qh1 {[%clk 0:01:36]} 34. Ke2 {[%clk 0:02:03]}
34... Rh2+ {[%clk 0:01:04]} 35. Rf2 {[%clk 0:02:05]} 35... Rxf2+ {
[%clk 0:01:06]} 36. Rxf2 {[%clk 0:02:03]} 36... Kb7 {[%clk 0:00:36]} 37. Qf5 {
[%clk 0:01:54]} 37... Rg7 {[%clk 0:00:33]} 38. Be5 {[%clk 0:01:52]} 38... Rh7 {
[%clk 0:00:25]} 39. Qf3 {[%clk 0:01:42]} 39... Qc1 {[%clk 0:00:26]} 40. Qf5 {
[%clk 0:01:40]} 40... Qh1 {[%clk 0:00:17]} 41. Bd4 {[%clk 0:01:35]} 41... Re7 {
[%clk 0:00:15]} 42. Qf3 {[%clk 0:01:31]} 42... Qc1 {[%clk 0:00:17]} 43. Qf5 {
[%clk 0:01:32]} 43... Qb1 {[%clk 0:00:17]} 44. a4 {[%clk 0:01:29]} 44... Qh1 {
[%clk 0:00:18]} 45. Qd3 {[%clk 0:01:28]} 45... Qh5+ {[%clk 0:00:20]} 46. Kd2 {
[%clk 0:01:27]} 46... Qg4 {[%clk 0:00:21]} 47. Qc3 {[%clk 0:01:18]} 47... Qxg3
{[%clk 0:00:23]} 48. Qb4+ {[%clk 0:01:17]} 48... Ka8 {[%clk 0:00:26]} 49. Re2 {
[%clk 0:01:15]} 49... Qc7 {[%clk 0:00:27]} 50. a5 {[%clk 0:01:07]} 50... Re8 {
[%clk 0:00:29]} 51. Rf2 {[%clk 0:01:00]} 51... Rb8 {[%clk 0:00:30]} 52. Qa4 {
[%clk 0:01:00]} 52... Rf8 {[%clk 0:00:29]} 53. Rxf8+ {[%clk 0:00:55]} 53...
Nxf8 {[%clk 0:00:31]} 54. a6 {[%clk 0:00:47]} 54... Ne6 {[%clk 0:00:33]} 55.
Qb4 {[%clk 0:00:42]} 55... Qc8 {[%clk 0:00:31]} 56. Qa5 {[%clk 0:00:34]} 56...
Ng5 {[%clk 0:00:32]} 57. Kc1 {[%clk 0:00:34]} 57... Ne4 {[%clk 0:00:35]} 58.
Kb2 {[%clk 0:00:34]} 58... Ng5 {[%clk 0:00:28]} 59. Be5 {[%clk 0:00:34]} 59...
Ne4 {[%clk 0:00:27]} 60. Qc7 {[%clk 0:00:28]} 60... Qxc7 {[%clk 0:00:28]} 61.
Bxc7 {[%clk 0:00:30]} 61... Nxc5 {[%clk 0:00:30]} 62. Be5 {[%clk 0:00:20]}
62... Nxa6 {[%clk 0:00:33]} 63. c4 Kb7 64. Kc3 {[%clk 0:00:20]} 64... Kb6 {
[%clk 0:00:35]} 65. cxd5 {[%clk 0:00:21]} 65... cxd5 {[%clk 0:00:38]} 66. Kd4
Kc6 67. Bg3 {[%clk 0:00:22]} 67... Nc5 {[%clk 0:00:42]} 68. b4 {[%clk 0:00:23]}
68... Ne6+ {[%clk 0:00:45]} 69. Kd3 {[%clk 0:00:22]} 69... Kb5 {[%clk 0:00:45]}
70. Bd6 {[%clk 0:00:21]} 70... Kc6 {[%clk 0:00:46]} 71. Bg3 {[%clk 0:00:21]}
71... Ng5 {[%clk 0:00:48]} 72. Kd4 {[%clk 0:00:21]} 72... Nf3+ {[%clk 0:00:49]}
73. Kd3 {[%clk 0:00:23]} 73... Kb5 {[%clk 0:00:52]} 74. Kc3 {[%clk 0:00:23]}
74... Ng5 {[%clk 0:00:54]} 75. Bf4 {[%clk 0:00:24]} 75... Ne6 {[%clk 0:00:55]}
76. Be5 {[%clk 0:00:24]} 76... Nd8 {[%clk 0:00:58]} 77. Bd6 {[%clk 0:00:24]}
77... Nc6 {[%clk 0:01:00]} 78. Bc5 {[%clk 0:00:25]} 78... a5 {[%clk 0:01:02]}
79. Bf8 {[%clk 0:00:17]} 79... axb4+ {[%clk 0:01:04]} 80. Kb3 {[%clk 0:00:12]}
80... Na5+ {[%clk 0:01:07]} 81. Kb2 {[%clk 0:00:12]} 81... Nc4+ {[%clk 0:01:09]
} 82. Kc1 {[%clk 0:00:12]} 82... Nxe3 {[%clk 0:01:11]} 83. Bg7 {[%clk 0:00:10]}
83... Kc4 {[%clk 0:01:13]} 84. Bh6 {[%clk 0:00:11]} 84... d4 {[%clk 0:01:15]}
85. Kd2 {[%clk 0:00:13]} 85... Nd5 {[%clk 0:01:17]} 86. Bg5 {[%clk 0:00:13]}
86... b3 {[%clk 0:01:19]} 87. Kc1 {[%clk 0:00:14]} 87... Kc3 {[%clk 0:01:19]}
88. Kb1 {[%clk 0:00:14]} 88... Nb4 {[%clk 0:01:17]} 89. Bc1 {[%clk 0:00:14]}
89... Nc2 {[%clk 0:01:15]} 90. Bb2+ {[%clk 0:00:14]} 90... Kc4 {[%clk 0:01:17]}
91. Bc1 {[%clk 0:00:13]} 91... Ne1 {[%clk 0:01:20]} 92. Kb2 {[%clk 0:00:13]}
92... Nf3 {[%clk 0:01:21]} 93. Bf4 {[%clk 0:00:14]} 93... d3 {[%clk 0:01:24]}
94. Kc1 {[%clk 0:00:15]} 94... Kc3 {[%clk 0:01:25]} 95. Kd1 {[%clk 0:00:12]}
95... b2 {[%clk 0:01:18]} 96. Bc1 {[%clk 0:00:04]} 96... bxc1=Q+ {
[%clk 0:01:13]} 0-1